Mind, self & society from the standpoint of a social behaviorist

Сохранить в:
Библиографические подробности
Главный автор: Mead, George Herbert
Формат:
Язык:Undetermined
Опубликовано: Chicago, Ill. The University of Chicago press 1934
Предметы:
Метки: Добавить метку
Нет меток, Требуется 1-ая метка записи!
Thư viện lưu trữ: Trung tâm Học liệu Trường Đại học Cần Thơ
LEADER 00646nam a2200181Ia 4500
001 CTU_91330
008 210402s9999 xx 000 0 und d
082 |a 301.15 
082 |b M479 
100 |a Mead, George Herbert 
245 0 |a Mind, self & society from the standpoint of a social behaviorist 
245 0 |c George H. Mead, edited, with introduction, by Charles W. Morris. 
260 |a Chicago, Ill. 
260 |b The University of Chicago press 
260 |c 1934 
650 |a Social psychology,Behaviorism (psychology),Self,Experience,Language and languages 
904 |i Năm 
980 |a Trung tâm Học liệu Trường Đại học Cần Thơ